Statistics for Most Commonly Spoken Native American Languages (Difficult)

Click here to take the quiz!

General Stats

  • This quiz has been taken 64 times
  • The average score is 5 of 14

Answer Stats

Approx # of speakers Where spoken Language % Correct
150,000Southwestern USNavajo
88%
8 millionAndean region of South AmericaQuechua
85%
5 millionParaguay and surrounding areaGuarani
79%
2 millionMexicoNahuatl
75%
6 millionMexico and GuatemalaMayan Languages
69%
2.5 millionPeru and BoliviaAymara
69%
450,000MexicoZapotec
19%
475,000MexicoMixtec
17%
180,000NicaraguaMiskito
10%
500,000ChileMapudungun
8%
285,000MexicoOtomi
8%
240,000MexicoTotonac
4%
200,000Venezuela and ColombiaGuajiro
4%
220,000MexicoMazatec
0%

Score Distribution

Percentile by Number Answered

Percent of People with Each Score

Your Score History

You have not taken this quiz